Période Médiévale - Statistiques

Statistiques générales
  • Ce quiz a été pris 23 fois
    22 depuis la dernière actualisation
  • Le résultat moyen est 4 sur 12
Statistiques - réponses
Questions Réponses % Correct
Quelle période vient après la période médiévale ? Renaissance
94%
Quand termine la période médiévale ? 1500
56%
Quand commence la période médiévale ? 500
56%
On va pouvoir garder une trace de la musique, c'est la naissance des premières ... ? Partitions | notations musicales
44%
Quels sont les différents instruments présent à cette période ? luth | citare | bombarde | cornemuse | harpe
33%
Quels type de chants de cette période est en lien avec l'église ? Religieux
28%
Caractéristique des chants sacrées, qui désigne "plusieurs voix / sons" la polyphonie
22%
Quels type de chants de cette période sont "divertissants" ? la musique profane
17%
Quelles sont les caractéristiques de ces chants ? sans instruments | voix unique | sacré
17%
Quelles sont les caractéristiques de ces chants ? avec instruments
11%
Chant à une seule voix, sans accompagnement monodique
11%
Faites avec des ... ? neumes
11%
Aucun quiz correspondant
Distribution des résultats
% des personnes avec chaque résultat
Percentile par nombre de réponses
Votre historique - résultats
Vous n’avez pas pris ce quiz depuis la dernière actualisation